| 000 | 01171cam a22002891i 4500 | ||
|---|---|---|---|
| 003 | SA-RiAUC | ||
| 005 | 20250411144102.0 | ||
| 008 | 250125s1988 su g 000k0 ara c | ||
| 040 |
_aSA-RiAUC _bara _cSA-RiAUC _erda |
||
| 082 | 0 | 4 |
_a235.2 _qSA-RiAUC |
| 090 |
_a235.2 _b م م د |
||
| 100 | 1 |
_aممدوح، محمود سعيد محمد. _eمؤلف. |
|
| 245 | 1 | 0 |
_aتنبيه المسلم إلى تعدي الألباني على صحيح مسلم / _cتأليف محمود سعيد ممدوح. |
| 250 | _aالطبعة الثانية. | ||
| 264 | 1 |
_aالرياض : _bمكتبة الإمام الشافعي، _c1988 |
|
| 300 |
_a220 صفحة ؛ _c24 سم |
||
| 336 |
_aنص _btxt _2rdacontent _3كتاب |
||
| 337 |
_aبدون وسيط _bn _2rdamedia |
||
| 338 |
_aمجلد _bnc _2rdacarrier |
||
| 650 | 7 |
_aصحيح مسلم _2aucsh |
|
| 650 | 7 |
_aالحديث _xرواية _2aucsh |
|
| 650 | 7 |
_aالحديث _xدفع مطاعن _2aucsh |
|
| 700 | 1 | 2 |
_iشرح لـ (عمل) : _aالإمام مسلم، مسلم بن الحجاج بن مسلم، _d204-261 هجري |
| 740 | 0 | 2 | _aصحيح مسلم. |
| 942 |
_2ddc _cBOOK _n0 |
||
| 949 |
_aSA-JeALM _d250125 _umohamedma123 _n1 |
||
| 999 |
_c6909 _d6909 |
||